000 00821pam a2200241 a 4500
999 _c332053
_d332053
001 3413938
003 NUST
005 20171108155640.0
008 900723r1990 enk b 001 0 eng
010 _a 90005076
020 _a0710303327
040 _aDLC
_cDLC
_dDLC
050 0 0 _aBP163
_b.N282 1990
082 0 0 _a297.0904
_bNAS
100 1 _aNasr, Seyyed Hossein.
_9181
245 1 0 _aTraditional Islam in the modern world /
_cSeyyed Hossein Nasr.
250 _a1st pbk. ed.
260 _aLondon ;
_aNew York :
_bK. Paul International :
_bDistributed by Routledge, Chapman & Hall,
_c1990.
300 _ax, 335 p. ;
_c22 cm.
504 _aIncludes bibliographical references and index.
650 0 _aIslam.
_9174
906 _a7
_bcbc
_corignew
_d1
_eocip
_f19
_gy-gencatlg
942 _2ddc
_cBK